000 00781nam a2200289Ia 4500
005 20260324143209.0
008 008 260324s9999 xx 000 0 eng d
020 _a9781315827520
037 _aEBOOK
040 _aCRL
040 _beng
040 _cCRL
041 _2eng
041 _aeng
084 _qCRL
100 _aEdwin I. Megargee; Charles D. Spielberger
_91214743
245 0 _aPersonality Assessment in America
245 2 _bA Retrospective on the Occasion of the Fiftieth Anniversary of the Society for Personality Assessment
260 _bTaylor and Francis
260 _c1992
365 _a
365 _b145
856 _uhttp://www.taylorfrancis.com/books/9781315827520
942 _cEBOOK
999 _c1819861
_d1819861